Countries by Number of Horses - Statistics

General Stats
  • This quiz has been taken 59 times
  • The average score is 13 of 20
Answer Stats
Horses Country % Correct
10,260,000 United States
100%
6,029,780 China
96%
5,450,601 Brazil
92%
630,000 India
92%
3,600,000 Argentina
90%
1,374,847 Russia
90%
6,355,000 Mexico
88%
2,995,754 Mongolia
85%
522,000 Venezuela
71%
821,852 Colombia
69%
743,000 Peru
69%
1,784,500 Kazakhstan
63%
490,000 Bolivia
60%
2,033,115 Ethiopia
48%
788,509 Sudan
42%
773,900 Cuba
31%
527,970 Mali
27%
548,245 Romania
21%
500,000 Haiti
19%
545,242 Senegal
8%
No matching quizzes found
Score Distribution
Percent of People with Each Score
Percentile by Number Answered
Your Score History
You have not taken this quiz